[Event "FIN-chT 2022"]
[Site "Finland"]
[Date "2022.05.21"]
[Round "4.6"]
[White "Kauko, Jussi Matti"]
[Black "Stockfelt, Jesse"]
[Result "1/2-1/2"]
[WhiteElo "2256"]
[BlackElo "1513"]
[PlyCount "67"]
[EventDate "2020.09.12"]
[EventType "team-tourn"]
[EventRounds "11"]
[EventCountry "FIN"]
[SourceTitle "EXT 2023"]
[Source "ChessBase"]
[SourceDate "2022.10.05"]
[SourceVersion "1"]
[SourceVersionDate "2022.10.05"]
[SourceQuality "1"]
[WhiteTeam "Sastamala VammSK"]
[BlackTeam "Turku TuTS"]
[WhiteTeamCountry "FIN"]
[BlackTeamCountry "FIN"]

1. c4 Nf6 2. g3 g6 3. Bg2 Bg7 4. Nc3 0-0 5. e4 d6 6. Nge2 e5 7. 0-0 Nc6 8. d3 Be6 9. Nd5 Bxd5 10. cxd5 Ne7 11. Qb3 c6 12. Be3 Qd7 13. Nc3 cxd5 14. exd5 Ng4 15. Bh3 f5 16. Bg5 Nf6 17. Rac1 h6 18. Be3 g5 19. f4 exf4 20. gxf4 g4 21. Bg2 b6 22. Nb5 Ne8 23. Nd4 Bxd4 24. Bxd4 Rc8 25. Rxc8 Qxc8 26. Qa4 Qb8 27. Qd7 Qc7 28. Qe6+ Kh7 29. Re1 Ng6 30. Qe3 Ng7 31. Rc1 Qd7 32. Rc6 Nh4 33. Bc3 Re8 34. Qf2 1/2-1/2

[Event "FIN-chT 2022"]
[Site "Finland"]
[Date "2022.03.12"]
[Round "5.7"]
[White "Stockfelt, Jesse"]
[Black "Hallenberg, Sami"]
[Result "0-1"]
[WhiteElo "1513"]
[BlackElo "2131"]
[PlyCount "70"]
[EventDate "2020.09.12"]
[EventType "team-tourn"]
[EventRounds "11"]
[EventCountry "FIN"]
[SourceTitle "EXT 2023"]
[Source "ChessBase"]
[SourceDate "2022.10.05"]
[SourceVersion "1"]
[SourceVersionDate "2022.10.05"]
[SourceQuality "1"]
[WhiteTeam "Turku TuTS"]
[BlackTeam "Vantaa EtVaS"]
[WhiteTeamCountry "FIN"]
[BlackTeamCountry "FIN"]

1. d4 f5 2. Nf3 Nf6 3. Bg5 e6 4. e3 Be7 5. Be2 b6 6. Nbd2 Bb7 7. 0-0 0-0 8. Rc1 h6 9. Bxf6 Bxf6 10. c4 d6 11. b3 e5 12. d5 Nd7 13. Qc2 e4 14. Nd4 Bxd4 15. exd4 Qf6 16. Qc3 Rae8 17. b4 f4 18. f3 exf3 19. Bxf3 Re3 20. Qb2 Rfe8 21. Nb3 Qg5 22. a4 Nf6 23. Rc3 Bc8 24. Rxe3 Rxe3 25. a5 Bf5 26. Nd2 Bd3 27. Ra1 Be2 28. Kh1 Ng4 29. Bxg4 Bxg4 30. axb6 axb6 31. h3 Bxh3 32. Nf3 Qh5 33. Nh2 Re2 34. Qc1 Bxg2+ 35. Kg1 Qh4 0-1

[Event "FIN-ch rapid"]
[Site "Helsinki"]
[Date "2019.08.24"]
[Round "1"]
[White "Kopsa, Petri"]
[Black "Stockfelt, Jesse"]
[Result "1-0"]
[WhiteElo "2059"]
[BlackElo "1526"]
[PlyCount "56"]
[EventDate "2019.08.24"]
[EventType "swiss (rapid)"]
[EventRounds "9"]
[EventCountry "FIN"]
[SourceTitle "EXT 2020"]
[Source "ChessBase"]
[SourceDate "2019.10.17"]
[SourceVersion "1"]
[SourceVersionDate "2019.10.17"]
[SourceQuality "1"]

1. e4 c5 2. Nc3 Nc6 3. f4 g6 4. Nf3 Bg7 5. Bb5 e6 6. Bxc6 bxc6 7. 0-0 Ne7 8. d3 d5 9. e5 0-0 10. Qe1 c4 11. d4 Nf5 12. Na4 Ba6 13. Nc5 Bc8 14. c3 a5 15. b3 cxb3 16. axb3 Ba6 17. Rf2 Qc7 18. Rfa2 Bb5 19. Nd2 Rfb8 20. Bb2 Bf8 21. c4 dxc4 22. bxc4 Bxc5 23. dxc5 Ba6 24. Bc3 Qd7 25. Ne4 Kg7 26. Rd1 Qa7 27. Rxa5 Qc7 28. Nd6 Rb3 1-0

[Event "Naantali Avoin op"]
[Site "Naantali"]
[Date "2018.07.04"]
[Round "4"]
[White "Asikainen, Eeli"]
[Black "Stockfelt, Jesse"]
[Result "1/2-1/2"]
[WhiteElo "1310"]
[BlackElo "1487"]
[PlyCount "66"]
[EventDate "2018.07.02"]
[EventType "swiss"]
[EventRounds "9"]
[EventCountry "FIN"]
[SourceTitle "EXT 2019"]
[Source "ChessBase"]
[SourceDate "2018.10.10"]
[SourceVersion "1"]
[SourceVersionDate "2018.10.10"]
[SourceQuality "1"]

1. e4 c5 2. c3 d5 3. exd5 Qxd5 4. d4 Nf6 5. Nf3 Bg4 6. Be2 e6 7. Be3 cxd4 8. cxd4 Nc6 9. 0-0 Be7 10. Nc3 Qd8 11. Rc1 0-0 12. Qd2 Rc8 13. a3 Na5 14. Qd1 Bxf3 15. Bxf3 Nc4 16. Qe2 Nxe3 17. fxe3 Nd5 18. Nxd5 exd5 19. Rxc8 Qxc8 20. Bxd5 Qd7 21. Qc4 Bg5 22. e4 Be3+ 23. Kh1 b5 24. Qc3 Bh6 25. Bc6 Qe6 26. e5 Qc4 27. Qxc4 bxc4 28. Bb5 Be3 29. d5 Bd4 30. e6 fxe6 31. Rxf8+ Kxf8 32. dxe6 Bxb2 33. Bxc4 Bxa3 1/2-1/2

[Event "Naantali Avoin op"]
[Site "Naantali"]
[Date "2018.07.03"]
[Round "3"]
[White "Ailasmaa, Kimmo"]
[Black "Stockfelt, Jesse"]
[Result "1-0"]
[WhiteElo "1783"]
[BlackElo "1487"]
[PlyCount "71"]
[EventDate "2018.07.02"]
[EventType "swiss"]
[EventRounds "9"]
[EventCountry "FIN"]
[SourceTitle "EXT 2019"]
[Source "ChessBase"]
[SourceDate "2018.10.10"]
[SourceVersion "1"]
[SourceVersionDate "2018.10.10"]
[SourceQuality "1"]

1. e4 c5 2. Nf3 d6 3. d4 cxd4 4. Nxd4 Nf6 5. Nc3 a6 6. Bc4 e6 7. Bb3 Be7 8. 0-0 0-0 9. Kh1 b5 10. a3 Qc7 11. f4 Nc6 12. f5 Nxd4 13. Qxd4 Qc5 14. Qd3 Bd7 15. Be3 Qc7 16. Rad1 Ng4 17. Bg1 Ne5 18. Qg3 Bf6 19. Be3 Nc4 20. Bxc4 bxc4 21. Bd4 Bxd4 22. Rxd4 f6 23. Qxd6 Qxd6 24. Rxd6 Ra7 25. Rfd1 Be8 26. fxe6 Bh5 27. R1d4 Rb7 28. Na4 c3 29. b3 Re7 30. Nxc3 Bg4 31. Rxa6 Bxe6 32. Rc6 Rfe8 33. Rcd6 Rc7 34. Rd8 Kf7 35. Rxe8 Kxe8 36. Rd3 1-0

[Event "Naantali Avoin op"]
[Site "Naantali"]
[Date "2016.07.07"]
[Round "5"]
[White "Stockfelt, Jesse"]
[Black "Koivumaki, Marko"]
[Result "1-0"]
[WhiteElo "1455"]
[BlackElo "1818"]
[PlyCount "79"]
[EventDate "2016.07.04"]
[EventType "swiss"]
[EventRounds "9"]
[EventCountry "FIN"]
[SourceTitle "EXT 2017"]
[Source "ChessBase"]
[SourceDate "2016.10.25"]
[SourceVersion "1"]
[SourceVersionDate "2016.10.25"]
[SourceQuality "1"]

1. d4 d6 2. c4 Nf6 3. Nc3 Nbd7 4. e4 e5 5. Nf3 Be7 6. Be2 c6 7. 0-0 Qc7 8. h3 0-0 9. Be3 b6 10. Rc1 Bb7 11. d5 Nc5 12. Qc2 Rfc8 13. b4 Ncd7 14. Rfd1 Qd8 15. Qb1 Qe8 16. b5 cxd5 17. exd5 Rc7 18. Ng5 Nf8 19. f4 exf4 20. Bxf4 Ng6 21. Bg3 Nxd5 22. Nxd5 Bxd5 23. Rxd5 Bxg5 24. Re1 Bf4 25. Bxf4 Nxf4 26. Bf3 Re7 27. Rdd1 Rc8 28. Bc6 Qd8 29. Rxe7 Qxe7 30. Re1 Qg5 31. Qe4 h6 32. Kh2 Ne6 33. Bd5 Qf4+ 34. Kg1 Qd2 35. Re2 Qc3 36. Bxe6 fxe6 37. Qxe6+ Kf8 38. Qxc8+ Kf7 39. Qe6+ Kf8 40. Rf2+ 1-0

[Event "Naantali op"]
[Site "Naantali"]
[Date "2015.07.02"]
[Round "5"]
[White "Louhi, Tapio"]
[Black "Stockfelt, Jesse"]
[Result "1-0"]
[WhiteElo "1770"]
[BlackElo "1425"]
[PlyCount "99"]
[EventDate "2015.06.29"]
[EventType "swiss"]
[EventRounds "9"]
[EventCountry "FIN"]
[SourceTitle "EXT 2016"]
[Source "ChessBase"]
[SourceDate "2015.10.08"]
[SourceVersion "1"]
[SourceVersionDate "2015.10.08"]
[SourceQuality "1"]

1. b3 e5 2. Bb2 Nc6 3. e4 Nf6 4. Nc3 Be7 5. Nf3 0-0 6. d3 d5 7. exd5 Nxd5 8. Ne4 f5 9. Ned2 Qe8 10. Be2 e4 11. dxe4 fxe4 12. Nxe4 Bb4+ 13. Ned2 Nf4 14. Kf1 Nxe2 15. Qxe2 Bg4 16. Qxe8 Raxe8 17. c3 Bd6 18. h3 Bh5 19. g4 Bg6 20. Kg2 Rf7 21. Rhe1 Ref8 22. c4 Nb4 23. Ba3 Nc2 24. Bxd6 Nxe1+ 25. Rxe1 cxd6 26. Re6 Rd7 27. b4 Rfd8 28. a4 b6 29. Nd4 Bf7 30. Re1 Rc8 31. Rc1 d5 32. c5 bxc5 33. bxc5 Rdc7 34. N2b3 Rb7 35. Re1 g6 36. a5 Rb4 37. Re7 Rbb8 38. Rxa7 Ra8 39. Rxa8 Rxa8 40. Kg3 Kg7 41. Kf4 Kf6 42. g5+ Ke7 43. Ke5 Rc8 44. f4 Rc7 45. f5 Rc8 46. f6+ Kd7 47. c6+ Ke8 48. Kd6 Ra8 49. Kc7 Ra7+ 50. Kb8 1-0